Statistics for Aang and Korra: 101 Characters

Click here to take the quiz!

General Stats

  • This quiz has been taken 58 times
  • The average score is 44 of 101

Answer Stats

HintAnswer% Correct
The last airbender for 140 yearsAang
100%
Avatar's crushKatara
100%
Avatar's crush's brotherSokka
100%
Fire princeZuko
100%
Avatar Aang's earthbending teacherToph
95%
Zuko's mysterious uncleIroh I
93%
Zuko's grandsonIroh II
93%
Zuko's sisterAzula
90%
Zuko's fatherOzai
83%
Avatar after AangKorra
81%
Aang's bisonAppa
79%
King of OmashuBumi I
79%
Aang's other airbending brotherBumi II
79%
Roku's past lifeKyoshi
79%
Zuko's great grandfather of Ursa's side, Aang's past lifeRoku
79%
Leader of the Freedom Fighters (FF)Jet
74%
Bored girl who wields ninja starsMai
74%
Aang's lemurMomo
74%
Circus starTy Lee
71%
Zuko's motherUrsa
71%
Zuko's great-grandfather on Ozai's sideSozin
69%
Namontak's secret identity:Amon
64%
Tenzan's third childMeelo
64%
Mako's girlfriendAsami
60%
Sokka and Katara's fatherHakoda
60%
Last earthbender in his villageHaru
60%
King of Earth KingdomKuei
60%
Ozai's servantLi
60%
Wild daughter of TophSuyin
60%
Tribal leader 100 years agoWei Jin
60%
Fire nation schoolgirlOn Ji
57%
Zuko's grandfatherAzulon
55%
Katara's momKya I
55%
Aang's daughterKya II
55%
First airbending master in 70 yearsTenzan
55%
Evil airbenderZaheer
55%
Suyin's evil daughterKuvira
52%
Ozai's other servantLo
52%
Amon's brotherTarrlock
50%
Than's wifeYing
50%
Daughter of TophLin
48%
FF member with bowLongshot
48%
Man who crosses the Serpent's Pass with AangThan
48%
First avatarWan
48%
Sokka's girlfriend until she diesYue
48%
Toph's grandpaLu
45%
Good spiritRaava
43%
Bad spiritVaatu
43%
Yakone's oldest sonNamontak
40%
Tenzan's wifePemma
40%
FF member with scarsSmellerbee
40%
Bloodbending evil prodigyYakone
40%
Leader of the Dy LeeLong Feng
38%
Founder of OmashuOma
38%
Katara's teacher and grandpaPakku
38%
FF member with helmetThe Duke
38%
Bloodbending womanHama
36%
Asami's fatherHiroshi
36%
Bo Lin's girlfriendOpal
36%
Other founder of OmashuShu
36%
Master wiseman who happens to be insaneVeric
36%
Kuei's bearBosco
33%
Korra's other cousinEska
33%
Veric's servantJu Lee
33%
FF member with logPipsqueak
33%
Faithful water tribe warriorBato
31%
Than and Ying's daughterHope
31%
Tenzan's last childRohan
29%
Korra's fatherTonraq
29%
Zaheer's girlfriendP'Li
26%
Bumi's petFlopsy
24%
Iroh's crushJune
24%
Hakoda's motherKanna
24%
Korra's motherSenna
24%
Suyin's husbandBaatar I
21%
Kuvira's husbandBaatar II
21%
Zaheer's lavabender friendGhazan
21%
Other tribal leader 100 years agoJin Wei
21%
Zaheer's waterbender friendMing-Hua
21%
Fire nation deserterJeong Jeong
19%
Woman who shows Aang, Katara, Sokka, and Toph around
the earth kingdom
Ju Dee
19%
Handicapped boyTeo
19%
Sokka's sword masterPiandao
17%
Mai's uncle, runs the boiling rock prisonWarden
14%
Suyin's other kidWei
14%
Korra's cousinDezna
12%
Toph's dadLao
12%
Suyin's other other kidWing
12%
Meelo's lemurPokey
10%
Haru's fatherTyro
10%
Suyin's kidHuan
7%
Yue's dadArnook
5%
Tenzan's second childKiki
5%
Zuko's cousinLiuten
5%
Toph's momPoppy
5%
Korra's uncleUnulaq
5%
Asami's motherYasuko
5%
Tenzan's oldest daughterGenora
2%
Aang's airbending teacherKeyatso
2%
Spider-y face-stealing spiritKome
2%
Toph's grandmaWumei
2%

Score Distribution

Percentile by Number Answered

Percent of People with Each Score

Your Score History

You have not taken this quiz